000 00320nam a22001457a 4500
008 180814b xxu||||| |||| 00| 0 eng d
020 _a9780071777490
041 _aeng
080 _a573
082 _a573
100 _a11
101 _aBIO
245 _aMolecular and cell biology
_cStansfield.W.D
942 _2udc
_cBK
999 _c47149
_d47149